Sociálna práca - cesta k zmyslu života Košické dni sociálnej práce /
Uložené v:
| Korporatívny autor: | |
|---|---|
| Ďalší autori: | , |
| Médium: | Elektronický zdroj |
| Jazyk: | Slovak Czech Polish English |
| Vydané: |
Košice :
Katedra sociálnej práce Filozofickej fakulty UPJŠ,
2013.
|
| Témy: | |
| ISBN: |
9788081520129 |
| Fyzický popis: |
1 CD-ROM ; 12 cm. |
| Tagy: |
Pridať tag
Žiadne tagy, Buďte prvý kto otaguje tento záznam!
|
Titul je dostupný aj v ... 

MARC
| LEADER | 00000nmm a2200000 a 4500 | ||
|---|---|---|---|
| 001 | 000465913 | ||
| 003 | SVKKK | ||
| 005 | 20150423132129.0 | ||
| 008 | 131021s20132012xo fs 000 0 slo d | ||
| 020 | |a 9788081520129 | ||
| 040 | |a SVKKK |b slo |c SVKKK |e AACR2 | ||
| 041 | 0 | |a slo |b eng |a cze |a pol |a eng | |
| 044 | |a xo |c SK | ||
| 080 | |a 364-78 |2 2001 | ||
| 080 | |a 17.02 |2 2001 | ||
| 080 | |a 364-7 |2 2001 | ||
| 080 | |a (062.534) |2 2001 | ||
| 080 | |a (0.034.44) |2 2001 | ||
| 111 | 2 | |a Sociálna práca - cesta k zmyslu života |( 2012 : |c Košice, Slovensko) | |
| 245 | 1 | 0 | |a Sociálna práca - cesta k zmyslu života |h elektronický zdroj |b Košické dni sociálnej práce / |c zostavili: Eva Žiaková, Dušan Šlosár. |
| 260 | |a Košice : |b Katedra sociálnej práce Filozofickej fakulty UPJŠ, |c 2013. | ||
| 300 | |a 1 CD-ROM ; |c 12 cm. | ||
| 500 | |a Názov z titulnej obrazovky | ||
| 538 | |a Technické požiadavky: Adobe Reader | ||
| 516 | |a Textový dokument, súbory vo formáte pdf | ||
| 655 | 7 | |a elektronické zdroje |2 SNKPH | |
| 650 | 0 | 7 | |a sociálna práca |
| 650 | 0 | 7 | |a zmysel života |
| 650 | 0 | 7 | |a sociálne služby |
| 653 | |a 364-78 | ||
| 653 | |a 17.02 | ||
| 653 | |a 364-7 | ||
| 653 | |a (0.034.44) | ||
| 653 | |a (062.534) | ||
| 655 | 7 | |a zborníky konferencií | |
| 655 | 7 | |a CD-ROM | |
| 700 | 1 | |a Žiaková, Eva |4 com | |
| 700 | 1 | |a Šlosár, Dušan |4 com | |
| 910 | |a svkkk | ||
| 919 | |a 978-80-8152-012-9 | ||
| 998 | |a ER | ||
| 090 | |g SCKHL |k Konzultanti |a CDA.3763 |j 6568 |i 2720302782 |s Príručka / Študovňa | ||
| 924 | |a AVM | ||